Vertebrate physiology /

Bibliographic Details
Main Author: McCauley, William J.
Format: Book
Language:English
Published: Philadelphia : Saunders, 1971.
Subjects:

MARC

Tag First Indicator Second Indicator Subfields
LEADER 00000cam a2200000 4500
001 in00004472575
005 20210818135050.0
008 710401s1971 paua b 00110 eng
010 |a  75132177  
020 |a 0721658784 
035 |a (OCoLC)00129303 
035 |9 AAD6636MS 
035 |z (UtOrBLW)10955 
035 |a 20382 
040 |a DLC  |c DLC  |d IHS  |d TXA  |d UtOrBLW 
049 |a TXAM [Also in] [Med Sci] [QT] [4] [M123v] [1971]  |c 1 [1112403]  |a TXAX [Also in] [Main Lib] [QP] [31.2] [M3]  |c 2 [1201652] 
059 |l MS/BOOK STKS  |z 2  |t BOOK  |k CIRCULATING  |i 3238900097749  |j 1201652  |n NL  |a QT 4  |b M123V 1971  |m 1 
060 4 |a QT 4 M123v 1971 
100 1 |a McCauley, William J. 
245 1 0 |a Vertebrate physiology /  |c [by] William J. McCauley. 
264 1 |a Philadelphia :  |b Saunders,  |c 1971. 
300 |a xiv, 422 pages :  |b illustrations ;  |c 26 cm. 
336 |a text  |2 rdacontent  |b txt 
337 |a unmediated  |2 rdamedia 
338 |a volume  |2 rdacarrier  |b nc 
504 |a Bibliography: pages 409-410. 
650 2 |a Physiology, Comparative. 
650 2 |a Vertebrates  |x physiology. 
940 |a 1112403,main 1201652,med sci 
948 |a Retain per EC; 2002 evaluation; nb, 09/11/2002. 
999 |a MARS 
999 f f |s dd819572-b881-3396-9e06-6e09e3edc5de  |i 7a5e5cb0-4e7a-39f1-ba96-6f99edd93fbc  |t 0 
952 f f |p ric  |a Texas A&M University  |b Rellis Campus  |c Joint Library Facility  |d Remote Storage  |t 0  |e QT 4 M123V 1971  |h National Library of Medicine classification  |i unmediated -- volume  |m 3238900097749 
998 f f |a QT 4 M123V 1971  |t 0  |l Remote Storage